书目信息 |
| 题名: |
无师自通-电脑入门篇
|
|
| 作者: | ;时代科技 编著 | |
| 分册: | ||
| 出版信息: | 北京 人民邮电出版社 2004.07 |
|
| 页数: | 282页 | |
| 开本: | 26cm | |
| 丛书名: | ||
| 单 册: | ||
| 中图分类: | TP3 | |
| 科图分类: | ||
| 主题词: | 电子计算机--dian zi ji suan ji--基本知识 | |
| 电子资源: | ||
| ISBN: | 7-115-12297-0 | |
| 000 | 00688nam 2200229 450 | |
| 001 | CAL 012004102417 | |
| 005 | 20060605093336.07 | |
| 010 | @a7-115-12297-0@dCNY 29.80 | |
| 010 | @a7-89497-402-1@b光盘 | |
| 099 | @aCAL 012004102417 | |
| 100 | @a20040804d2004 em y0chiy0121 ea | |
| 101 | 0 | @achi |
| 102 | @aCN@b110000 | |
| 200 | 1 | @a无师自通-电脑入门篇@Awu shi zi tong-dian nao ru men pian@f时代科技编著 |
| 210 | @a北京@c人民邮电出版社@d2004.07 | |
| 215 | @a282页@c图@d26cm@e光盘1片 | |
| 606 | 0 | @a电子计算机@Adian zi ji suan ji@x基本知识 |
| 690 | @aTP3@v4 | |
| 711 | 02 | @a时代科技@Ashi dai ke ji@4编著 |
| 801 | 0 | @aCN@bBTBU@c20060605 |
| 905 | @dTP3@eS560 | |
| 906 | @dCNY 29.80@n3@r1 | |
| 无师自通-电脑入门篇/时代科技编著.-北京:人民邮电出版社,2004.07 |
| 282页:图;26cm+光盘1片 |
| ISBN 7-115-12297-0:CNY 29.80 |
| ● |
| 相关链接 |
|
|
|
正题名:无师自通-电脑入门篇
索取号:TP3/S560
 
预约/预借
| 序号 | 登录号 | 条形码 | 馆藏地/架位号 | 状态 | 备注 |
| 1 | 608086 | 206080863 | 自科库301/ [索取号:TP3/S560] | 在馆 |